<?xml version="1.0" encoding="UTF-8"?>
<record
    xmlns:xsi="http://www.w3.org/2001/XMLSchema-instance"
    xsi:schemaLocation="http://www.loc.gov/MARC21/slim http://www.loc.gov/standards/marcxml/schema/MARC21slim.xsd"
    xmlns="http://www.loc.gov/MARC21/slim">

  <leader>00718nam a22002297a 4500</leader>
  <controlfield tag="003">OSt</controlfield>
  <controlfield tag="005">20240530073925.0</controlfield>
  <controlfield tag="008">210310b  2020 dr f 00| 0 eng d</controlfield>
  <datafield tag="020" ind1=" " ind2=" ">
    <subfield code="a">9789945925609</subfield>
  </datafield>
  <datafield tag="040" ind1=" " ind2=" ">
    <subfield code="a">DO-SdBNP</subfield>
    <subfield code="b">spa</subfield>
    <subfield code="c">BNPHU</subfield>
  </datafield>
  <datafield tag="082" ind1=" " ind2="4">
    <subfield code="a">RD863.5</subfield>
    <subfield code="b">M857p </subfield>
    <subfield code="2">22</subfield>
  </datafield>
  <datafield tag="100" ind1="1" ind2=" ">
    <subfield code="a">Morilla, Neris</subfield>
    <subfield code="9">75247</subfield>
  </datafield>
  <datafield tag="245" ind1="1" ind2="0">
    <subfield code="a">Las peripecias de Apolo / </subfield>
    <subfield code="c">Neris Morilla Lantigua </subfield>
  </datafield>
  <datafield tag="260" ind1=" " ind2=" ">
    <subfield code="a">Tenares, </subfield>
    <subfield code="b">Papelmach&#xE9;,</subfield>
    <subfield code="c">2020.</subfield>
  </datafield>
  <datafield tag="300" ind1=" " ind2=" ">
    <subfield code="a">162 p. ;</subfield>
    <subfield code="c">21 cm. </subfield>
  </datafield>
  <datafield tag="500" ind1=" " ind2=" ">
    <subfield code="a">Incluye datos biogr&#xE1;ficos de la autora en la solapa de la cubierta.</subfield>
  </datafield>
  <datafield tag="590" ind1=" " ind2=" ">
    <subfield code="a">Inventariado, 2021 /LP

</subfield>
  </datafield>
  <datafield tag="650" ind1=" " ind2="0">
    <subfield code="a">Novela dominicana</subfield>
    <subfield code="9">223</subfield>
  </datafield>
  <datafield tag="650" ind1=" " ind2="4">
    <subfield code="a">Literatura dominicana</subfield>
    <subfield code="9">78799</subfield>
  </datafield>
  <datafield tag="910" ind1=" " ind2=" ">
    <subfield code="a">Validado. Control de calidad MFF</subfield>
  </datafield>
  <datafield tag="942" ind1=" " ind2=" ">
    <subfield code="2">ddc</subfield>
    <subfield code="c">LBS1</subfield>
  </datafield>
  <datafield tag="952" ind1=" " ind2=" ">
    <subfield code="0">0</subfield>
    <subfield code="1">0</subfield>
    <subfield code="2">ddc</subfield>
    <subfield code="5">1</subfield>
    <subfield code="7">1</subfield>
    <subfield code="8">PD</subfield>
    <subfield code="a">BNPHU</subfield>
    <subfield code="b">PD</subfield>
    <subfield code="c">HD</subfield>
    <subfield code="d">2021-03-10</subfield>
    <subfield code="e">Dep&#xF3;sito Legal </subfield>
    <subfield code="l">0</subfield>
    <subfield code="o">BNPHU PD  RD863.5 M857p </subfield>
    <subfield code="p">2021-0745</subfield>
    <subfield code="r">2021-03-10</subfield>
    <subfield code="w">2021-03-10</subfield>
    <subfield code="y">LFPD</subfield>
  </datafield>
  <datafield tag="952" ind1=" " ind2=" ">
    <subfield code="0">0</subfield>
    <subfield code="1">0</subfield>
    <subfield code="2">ddc</subfield>
    <subfield code="5">1</subfield>
    <subfield code="7">2</subfield>
    <subfield code="8">PD</subfield>
    <subfield code="a">BNPHU</subfield>
    <subfield code="b">PD</subfield>
    <subfield code="c">HD</subfield>
    <subfield code="d">2021-03-10</subfield>
    <subfield code="e">Dep&#xF3;sito Legal </subfield>
    <subfield code="l">0</subfield>
    <subfield code="o">BNPHU PD RD863.5 M857p </subfield>
    <subfield code="p">2021-0746</subfield>
    <subfield code="r">2021-03-10</subfield>
    <subfield code="t">e. 2</subfield>
    <subfield code="w">2021-03-10</subfield>
    <subfield code="y">LFPD</subfield>
  </datafield>
  <datafield tag="952" ind1=" " ind2=" ">
    <subfield code="0">0</subfield>
    <subfield code="1">0</subfield>
    <subfield code="2">ddc</subfield>
    <subfield code="5">6</subfield>
    <subfield code="7">0</subfield>
    <subfield code="8">DS</subfield>
    <subfield code="a">BNPHU</subfield>
    <subfield code="b">GR</subfield>
    <subfield code="c">HD</subfield>
    <subfield code="d">2021-03-10</subfield>
    <subfield code="e">Dep&#xF3;sito Legal </subfield>
    <subfield code="l">0</subfield>
    <subfield code="o">BNPHU DS RD863.5 M857p </subfield>
    <subfield code="p">2021-0747</subfield>
    <subfield code="r">2021-03-10</subfield>
    <subfield code="t">e. 3</subfield>
    <subfield code="w">2021-03-10</subfield>
    <subfield code="y">LFDS</subfield>
  </datafield>
  <datafield tag="999" ind1=" " ind2=" ">
    <subfield code="c">49534</subfield>
    <subfield code="d">49534</subfield>
  </datafield>
</record>
